Polscy piłkarze którzy grali w Bundeslidze - Statystyki

Ogólne statystyki
  • Ten quiz został rozwiązany 55 razy
  • Średni wynik to 25 z 103
Statystyki odpowiedzi
KLUBY: PIŁKARZE: % Poprawnych
Hertha BerlinBorussia Dortmund Łukasz Piszczek
100%
Borussia DortmundBayern Monachium Robert Lewandowski
100%
Borussia DortmundWolfsburg Jakub Błaszczykowski
96%
Arminia BielefeldHertha Berlin Artur Wichniarek
84%
DuisburgSchalke Nurnberg Tomasz Hajto
84%
Bayer LeverkusenAugsburg Arkadiusz Milik
76%
WolfsburgKoln Jakub Kamiński
76%
StuttgartFortuna Dusseldorf Schalke Marcin Kamiński
76%
Borussia MonchengladbachMainz Hoffenheim Eugen Polanski
75%
Borussia Dortmund Ebi Smolarek
73%
NurnbergBayer Leverkusen Wolfsburg Hannover Jacek Krzynówek
73%
Eintracht Frankfurt Włodzimierz Smolarek
73%
Wolfsburg Kamil Grabara
69%
BochumSchalke Tomasz Wałdoch
69%
Werder BremenHertha Berlin Dawid Kownacki
63%
FreiburgUnion Berlin Augsburg Rafał Gikiewicz
61%
SchalkeWerder Bremen Bayer Leverkusen Sebastian Boenisch
59%
Hertha Berlin Krzysztof Piątek
51%
Nurnberg Tomasz Kos
49%
Augsburg Robert Gumny
45%
Wolfsburg Krzysztof Nowak
43%
Dynamo DresdenKaiserslautern TSV Monachium Piotr Nowak
43%
Union BerlinHolstein Kiel Tymoteusz Puchacz
41%
St. Pauli Adam Dźwigała
39%
Borussia MonchengladbachWolfsburg Energie Cottbus Andrzej Juskowiak
39%
Koln Sławomir Peszko
39%
KaiserslauternKoln Tomasz Kłos
37%
Bayer Leverkusen Adam Matysek
35%
Hannover Artur Sobiech
35%
Kaiserslautern Kamil Kosowski
35%
St. Pauli Arkadiusz Pyrka
33%
Energie CottbusBayer Leverkusen Radosław Kałużny
31%
Wolfsburg Bartosz Białek
27%
HamburgEintracht Frankfurt Jan Furtok
27%
Bochum Andrzej Iwan
24%
Hannover Dariusz Żuraw
24%
Eintracht Frankfurt Paweł Kryszałowicz
24%
Bayern Monachium Sławomir Wojciechowski
22%
Koln Andrzej Rudy
20%
Freiburg Bartosz Kapustka
20%
Ulm Janusz Góra
20%
Koln Paweł Olkowski
20%
Werder Bremen Ludovic Obraniak
18%
Energie Cottbus Mariusz Kukiełka
18%
Hertha BerlinDuisburg Piotr Reiss
18%
Stuttgart Przemysław Tytoń
18%
Kaiserslautern Stefan Majewski
18%
HomburgBayer Leverkusen Fortuna Dusseldorf Andrzej Buncol
16%
Hansa Rostock Sławomir Majak
16%
Bayer LeverkusenBochum Koln Tomasz Zdebel
16%
Nurnberg Bartosz Bosacki
14%
Arminia Bielefeld Maciej Murawski
14%
Borussia MonchengladbachBochum Marcin Mieciel
14%
KolnEnergie Cottbus Andrzej Kobylański
12%
Hamburger Waldemar Matysik
12%
Bochum Jacek Góralski
10%
Bayer LeverkusenWattenscheid TSV Monachium Uerdingen Marek Leśniak
10%
Borussia DortmundMainz Sebastian Tyrała
10%
Bayer Leverkusen Adam Ledwon
8%
Kaiserslautern Ariel Borysiuk
8%
Bochum Henryk Baluszyński
8%
Hamburger Jacek Dembiński
8%
Kaiserslautern Jakub Świerczok
8%
Hamburger Marek Saganowski
8%
Hamburger Mirosław Okoński
8%
Homburg Roman Wójcicki
8%
Hannover Andrzej Palasz
6%
Arminia Bielefeld Daniel Bogusz
4%
Uerdingen Michał Probierz
4%
HamburgerWerder Bremen Paweł Wojtala
4%
StuttgartKarlsruher Radosław Gilewicz
4%
Wolfsburg Waldemar Kryger
4%
Dynamo Dresden Andrzej Lesiak
2%
St. Pauli Dariusz Szubert
2%
Werder Bremen Jakub Wierzchowski
2%
Eintracht Frankfurt Jarosław Biernat
2%
Bochum Michał Bemben
2%
Wolfsburg Michał Janicki
2%
Bayer LeverkusenDuisburg Mirosław Spiżak
2%
Energie Cottbus Przemysław Trytko
2%
HamburgerFortuna Dusseldorf Richard Cyron
2%
Bayer LeverkusenFortuna Dusseldorf Rudolf Wojtowicz
2%
Hansa Rostock Sławomir Chalaskiewicz
2%
Arminia Bielefeld Tomasz Wisio
2%
Energie Cottbus Witold Wawrzyczek
2%
DuisburgFortuna Dusseldorf Adam Bodzek
0%
Hertha Berlin Bartosz Karawan
0%
Eintracht Frankfurt Cezary Tobollik
0%
Kaiserslautern Grzegorz Wiezik
0%
Darmstadt Helmut Vorreiter
0%
Koln Janusz Dziwior
0%
Hannover Jarosław Lindner
0%
Eintracht Braunschweig Jarosław Studzizba
0%
Fortuna Dusseldorf Joachim Hutka
0%
Homburg Krzysztof Hetmański
0%
Darmstadt Łukasz Zułuska
0%
Hamburger Marek Trejgis
0%
Wolfsburg Piotr Tyszkiewicz
0%
Borussia Dortmund Tadeusz Krafft
0%
Energie Cottbus Tomasz Bandrowski
0%
SchalkeArminia Bielefeld Waldemar Słomiany
0%
Saarbrucken Wenanty Fuhl
0%
Concordia HamburgHomburg Zbigniew Kruszyński
0%
Nie znaleziono quizów pasujących do podanych kryteriów
Rozkład punktacji
Procent ludzi z każdym wynikiem
Percentyl według liczby udzielonych odpowiedzi
Twoja historia wyników
Nie rozwiązałeś tego quizu